The Politics of French Phenomenology Emmanuel Falque and the Credibility of a Theological Turn (Record no. 868134)
[ view plain ]
| 000 -CABECERA | |
|---|---|
| Campo de control de longitud fija | 00492nab a22001457 4500 |
| 003 - IDENTIFICADOR DEL NÚMERO DE CONTROL | |
| Campo de control | ES-SlBCS |
| 005 - FECHA Y HORA DE LA ÚLTIMA TRANSACCIÓN | |
| Campo de control | 20210520154126.0 |
| 008 - CÓDIGOS DE INFORMACIÓN DE LONGITUD FIJA | |
| Campo de control de longitud fija | 210520s2021 be ||||| |||| 00| 0 eng d |
| 040 ## - FUENTE DE LA CATALOGACIÓN | |
| Centro catalogador del origen | ES-SlBCS |
| Lengua de catalogación | spa |
| 041 ## - CÓDIGO DE LENGUA | |
| Código de lengua del texto/banda sonora o título independiente | eng |
| 100 1# - PUNTO DE ACCESO PRINCIPAL-NOMBRE DE PERSONA | |
| 9 (RLIN) | 112892 |
| Nombre de persona | Benjamins, Jacob |
| 245 14 - MENCIÓN DE TÍTULO | |
| Título | The Politics of French Phenomenology Emmanuel Falque and the Credibility of a Theological Turn |
| Mención de responsabilidad, etc. | Jacob Benjamins |
| 773 0# - ENLACE AL DOCUMENTO FUENTE | |
| Parte(s) relacionada(s) | Vol. 44, fasc. 1, 2021, págs. 9-24 |
| Título | Louvain Studies |
| Número de control del registro relacionado | Rev258 |
| Número Internacional Normalizado para Publicaciones Seriadas (ISSN) | 0024-6964 |
| 942 ## - ENTRADA DE ELEMENTOS AGREGADOS (KOHA) | |
| Fuente de clasificaión o esquema | |
| Koha [por defecto] tipo de item | Artículos de revista |
| Suprimido | Perdido | Fuente de clasificación o esquema | Estropeado | No para préstamo | Localización permanente | Localización actual | Fecha adquisición | Préstamos totales | Fecha última consulta | Fecha del precio de reemplazo | Tipo de item de Koha |
|---|---|---|---|---|---|---|---|---|---|---|---|
| San Esteban | San Esteban | 20/05/2021 | 20/05/2021 | 20/05/2021 | Artículos de revista |
